LDR 00782nam a2200205 i 4500 001 000000225723 003 CaOOAMICUS 005 20260430095759.0 008 131217s1907 it u000 u ger u 013 $a204625 040 $aSeMil$bita 100 1 $aSchürer, Emil,$d<1844-1910>.$0(OLS)http://semarc/name/2379 245 10$a2: Die inneren Zustände /$cEmil Schürer. 250 $a4. Aufl. 300 $aVI, 680 p. 773 0 $aSchürer, Emil <1844-1910>$tGeschichte des Jüdischen volkes im zeitalter Jesu Christi.$dLeipzig : Hinrichs'sche Buchhandlung, 1901.$g2$w()29263 850 $aSeMil 852 $aSeMil$W1$xVenegono$y1$m2W III 79$j176069$B176069$CSeMilBibl$Z2$F186551 $81 996 $6245$a2: Die inneren Zustände$9(OLS)http://semarc/title/323315